| 000 | 03253nam a2200385 a 4500 | ||
|---|---|---|---|
| 001 | dia_534 | ||
| 003 | CHAP | ||
| 005 | 20260217123130.0 | ||
| 007 | ta | ||
| 008 | 220117s1970 mx b frm a001 0 spa d | ||
| 010 | _a171086 | ||
| 040 |
_cCHAP _amxchpua _erda |
||
| 041 | 0 |
_aspa _bspa |
|
| 090 |
_aTesis _bG66 _c1970 |
||
| 100 | 1 | _aGómez Ortiz, Julián | |
| 245 | 1 | 0 |
_aDeterminación de algunos indicadores climáticos para especies frutícolas caducifolias / _cJulian Gómez Ortiz |
| 264 |
_aChapingo, México : _bEl autor, _c1970 |
||
| 300 | 0 | 0 |
_a60 hojas : _bmapas, tablas |
| 336 |
_2rdacontent _atexto _btxt |
||
| 337 |
_2rdamedia _ano mediado _bn |
||
| 338 |
_2rdacarrier _avolumen _bnc |
||
| 502 |
_aTesis _b(Ingeniero Agrónomo Especializado en Industrias Agrícolas) : _b(Ingeniero Agroindustrial) -- _cENA. Departamento de Industrias Agrícolas : _cUACh. Departamento de Ingeniería Agroindustrial, _d1970 |
||
| 504 | _aBibliografía: hoja 59 | ||
| 520 | 3 | _aSe ha realizado este estudio debido a que el establecimiento y expansión de nuestras diferentes áreas frutícolas, se ha hecho en base a la importación y difusión de las variedades que han tenido su origen en Estados Unidos de Norteamérica y particularmente del Estado de California. La fruticultura en México, reviste gran importancia por las altas productividades que alcanza en comparación con los diferentes cultivos agrícolas y tiene repercusiones en el fruticultor tanto por lo que se refiere al aspecto económico, técnico y social. Para la elaboración del trabajo, se utilizaron todos los mapas de la Dispersión Frutícola del Estado de California, E. U. A. por Especies y Variedades, así como Información Climatológica de las Localidades Incluídas en las Áreas de dispersión. Se hizo una selección de los indicadores climáticos en base a la importancia que tienen sobre la vida de las plantas; siendo seleccionados: temperatura media del mes de enero, temperatura media del mes de julio, temperatura extrema máxima, temperatura extrema mínima, última helada registrada en primavera, primera helada registrada en otoño, periodo libre de heladas y precipitación pluvial media anual. Se enunciaron los factores de calidad que más importancia tienen en el mercadeo de los productos agrícolas como son: tamaño o calibre de los frutos, grado de madurez, sólidos solubles totales, color, estado fitosanitario y resistencia al manipuleo. Se analizaron en una forma general las once especies frutícolas objeto del estudio, indicando las posibilidades que tienen muchas variedades según sus características en nuestras áreas frutícolas y al final del análisis de las especies se presentó para cada especie, una lista de localidades seleccionadas indicando en cada caso el estado y municipio a que pertenecen. | |
| 650 | 1 | 3 |
_aArboles frutales _2atg |
| 650 | 1 | 3 |
_aFactores climáticos _2atg |
| 650 | 1 | 3 |
_aFruit trees _2atg |
| 650 | 1 | 3 |
_aClimatic factors _2atg |
| 700 | 1 |
_aBrom Rojas, Emilio _edirección |
|
| 700 | 1 |
_aMora Blancas, Edgar Ezel _easesor |
|
| 901 | _aTESIS G66 1970 | ||
| 902 | _aM | ||
| 905 | _a0000001970 mx A 0000000000spa00 | ||
| 942 |
_cTESIS _2Clasificación Universidad Autónoma Chapingo |
||
| 999 |
_c171086 _d171086 |
||